[Event "Franconville-Le Touquet"]
[Site "Henin Beaumont"]
[Date "2007.11.25"]
[Round "3.6"]
[White "Kieffer, Christian"]
[Black "Jactel, Nicolas"]
[Result "1-0"]
[WhiteElo "2161"]
[BlackElo "2126"]
[PlyCount "135"]
[EventDate "2007.11.25"]
[SourceDate "2007.10.24"]

1. e4 c5 2. Nf3 Nc6 3. Nc3 g6 4. Bb5 Bg7 5. O-O Nd4 6. Bc4 d6 7. Nxd4 cxd4 8.
Ne2 Nf6 9. d3 Qb6 10. a4 O-O 11. a5 Qc7 12. c3 Nxe4 13. cxd4 Qc6 14. dxe4 Qxc4
15. Bg5 Re8 16. Qd2 f5 17. Rac1 Qb5 18. Nc3 Qxa5 19. Nd5 Qxd2 20. Bxd2 Rb8 21.
exf5 Bxf5 22. Be3 e6 23. Nc7 Rec8 24. Nb5 Bd3 25. Nxd6 Rd8 26. Rfd1 Rxd6 27.
Rxd3 Rbd8 28. Kf1 Bxd4 29. Rxd4 Rxd4 30. Bxd4 Rxd4 31. Rc8+ Kg7 32. Rc7+ Kf6
33. Rxb7 Rd2 34. Ke1 Rc2 35. Rxa7 Rxb2 36. Rxh7 Rb1+ 37. Ke2 Rb2+ 38. Kf3 Rb3+
39. Kg4 Rb4+ 40. Kg3 Rb3+ 41. f3 e5 42. Rh4 Ra3 43. Rb4 Rc3 44. h3 Ra3 45. Kh4
Ra6 46. g4 Rc6 47. Rb7 Ra6 48. g5+ Ke6 49. Rg7 Kd5 50. Rf7 Ra8 51. Rf6 Rg8 52.
Kg4 e4 53. fxe4+ Kxe4 54. h4 Ke5 55. h5 gxh5+ 56. Kxh5 Rh8+ 57. Kg6 Rg8+ 58.
Kh6 Rh8+ 59. Kg7 Rh2 60. g6 Rg2 61. Rf8 Ke6 62. Kh7 Ke7 63. g7 Rh2+ 64. Kg8 Rh3
65. Rf4 Rg3 66. Rh4 Kf6 67. Rh2 Kg6 68. Kh8 1-0

[Event "Franconville-Le Touquet"]
[Site "Henin Beaumont"]
[Date "2007.11.25"]
[Round "3.7"]
[White "Roffe, Benoit"]
[Black "Flament, Frederic"]
[Result "0-1"]
[WhiteElo "1929"]
[BlackElo "2153"]
[PlyCount "66"]
[EventDate "2007.11.25"]
[SourceDate "2007.10.24"]

1. e4 c5 2. Nf3 Nc6 3. d4 cxd4 4. Nxd4 Nf6 5. Nc3 e5 6. Ndb5 d6 7. Bg5 a6 8.
Na3 b5 9. Bxf6 gxf6 10. Nd5 Bg7 11. c3 Ne7 12. Nc2 f5 13. Nxe7 Qxe7 14. Bd3 O-O
15. O-O Rb8 16. Qh5 d5 17. exf5 e4 18. Rfe1 Qf6 19. Bf1 Qxf5 20. Qxf5 Bxf5 21.
Nb4 Rbd8 22. Nxa6 d4 23. cxd4 Rxd4 24. Bxb5 Rd2 25. a4 Rfd8 26. Nb4 Bxb2 27.
Nc6 R8d7 28. Ra2 Be6 29. Rxb2 Rxb2 30. Ne5 Rdd2 31. h3 Rxf2 32. Rxe4 Rxg2+ 33.
Kh1 Bd5 0-1

[Event "Franconville-Le Touquet"]
[Site "Henin Beaumont"]
[Date "2007.11.25"]
[Round "3.8"]
[White "Galaczy, Marie"]
[Black "Plumelle, Corinne"]
[Result "0-1"]
[WhiteElo "1460"]
[BlackElo "1410"]
[PlyCount "134"]
[EventDate "2007.11.25"]
[SourceDate "2007.10.24"]

1. e4 c5 2. Nf3 e6 3. c4 Qc7 4. Nc3 a6 5. d3 Nc6 6. g3 Nf6 7. Bg2 Be7 8. O-O
O-O 9. Re1 d6 10. b3 b6 11. h3 Bb7 12. Bb2 Nd7 13. Re3 Bf6 14. Rb1 Nde5 15. Ne1
Nd4 16. f4 Nd7 17. Bh1 g6 18. h4 Bg7 19. Ne2 Nxe2+ 20. Qxe2 e5 21. h5 Nf6 22.
hxg6 fxg6 23. fxe5 dxe5 24. Nf3 Ng4 25. Ng5 Nxe3 26. Ne6 Qf7 27. Nxf8 Rxf8 28.
Qxe3 Qe6 29. Bg2 Bc8 30. Rf1 Rxf1+ 31. Kxf1 Qf6+ 32. Ke2 h5 33. Bc1 Kh7 34. Qg5
Qxg5 35. Bxg5 Kg8 36. Bd8 b5 37. a3 Bf8 38. Bc7 b4 39. axb4 cxb4 40. Bxe5 Bg4+
41. Bf3 Bd7 42. Ke3 Kf7 43. Kd4 Ke6 44. Bc7 Bc6 45. c5 Bg7+ 46. Ke3 Bc3 47. d4
Kd7 48. Bf4 Bb2 49. Kd3 Bb5+ 50. Ke3 Bc1+ 51. Kf2 Bb2 52. Be3 Bd3 53. Bg2 Bc2
54. Bh3+ Kc7 55. Bf4+ Kc6 56. Ke3 Bc1+ 57. Kf3 Bxf4 58. Kxf4 Bxb3 59. e5 Bc2
60. e6 Kd5 61. Ke3 Ba4 62. Kd3 Bb5+ 63. Ke3 b3 64. Bg2+ Kxe6 65. Be4 g5 66. d5+
Kd7 67. c6+ Kd6 {Suite illisible} 0-1

[Event "Club 608-JEEN"]
[Site "Paris"]
[Date "2007.11.25"]
[Round "3.1"]
[White "Carlhammar, Magnus"]
[Black "Simon, Olivier"]
[Result "0-1"]
[WhiteElo "2349"]
[BlackElo "2397"]
[PlyCount "52"]
[EventDate "2007.11.25"]
[SourceDate "2007.10.24"]

1. d4 Nf6 2. c4 g6 3. Nf3 Bg7 4. g3 O-O 5. Bg2 d6 6. O-O Nc6 7. Nc3 a6 8. h3
Bd7 9. e4 e5 10. dxe5 dxe5 11. Re1 Be6 12. Nd5 h6 13. b4 Nh7 14. Bb2 Ng5 15.
Nxg5 hxg5 16. Rc1 Nd4 17. Bxd4 exd4 18. c5 Qd7 19. c6 bxc6 20. Rxc6 Bxd5 21.
exd5 Rfe8 22. Rxe8+ Rxe8 23. Qd2 Qf5 24. Rxc7 d3 25. Bf1 Bd4 26. d6 Re2 0-1

[Event "Club 608-JEEN"]
[Site "Paris"]
[Date "2007.11.25"]
[Round "3.2"]
[White "Yordanov, Nikolay"]
[Black "Aguirre, Simon"]
[Result "0-1"]
[WhiteElo "2187"]
[BlackElo "2260"]
[PlyCount "98"]
[EventDate "2007.11.25"]
[SourceDate "2007.10.24"]

1. e4 c5 2. Nc3 Nc6 3. f4 g6 4. Bc4 Bg7 5. d3 e6 6. a4 Nge7 7. Ba2 a6 8. Nf3
Nd4 9. Nxd4 cxd4 10. Ne2 b5 11. Bb3 Bb7 12. O-O O-O 13. Qe1 Kh8 14. Qf2 d5 15.
e5 f6 16. Nxd4 Qd7 17. Qe2 fxe5 18. fxe5 Rxf1+ 19. Kxf1 Rf8+ 20. Kg1 Qc7 21.
Nf3 Nc6 22. d4 Rxf3 23. Qxf3 Nxd4 24. Qf2 Qxe5 25. Be3 Nf5 26. Ba7 d4 27. Re1
Be4 28. g4 bxa4 29. gxf5 axb3 30. f6 Qg5+ 31. Qg3 Qxg3+ 32. hxg3 Bxf6 33. cxb3
Bd5 34. Ra1 d3 35. Be3 Bxb2 36. Rd1 Be4 37. Bh6 Bd4+ 38. Kh2 Kg8 39. Bd2 Bd5
40. b4 e5 41. Rc1 e4 42. Rc8+ Kf7 43. Rd8 Ke6 44. Bf4 e3 45. Re8+ Kf5 46. Bxe3
Bxe3 47. Rxe3 Be4 48. Re1 Bf3 49. Re3 Be2 0-1

[Event "Club 608-JEEN"]
[Site "Paris"]
[Date "2007.11.25"]
[Round "3.3"]
[White "Sohier, Julien"]
[Black "Marin, Sebastien"]
[Result "1/2-1/2"]
[WhiteElo "2259"]
[BlackElo "2181"]
[PlyCount "84"]
[EventDate "2007.11.25"]
[SourceDate "2007.10.24"]

1. e4 e6 2. d4 d5 3. Nd2 c5 4. exd5 exd5 5. Ngf3 Nc6 6. Bb5 Bd6 7. O-O cxd4 8.
Nb3 Nge7 9. Nbxd4 O-O 10. c3 Bg4 11. Qa4 Nxd4 12. Nxd4 Bc7 13. Re1 Qd6 14. g3
Qf6 15. Bd7 Bh5 16. Qb4 Be5 17. Be3 Rfd8 18. Bh3 Nc6 19. Nxc6 bxc6 20. f4 Bd6
21. Qd4 Qxd4 22. Bxd4 Bf3 23. Kf2 Be4 24. c4 f5 25. cxd5 cxd5 26. Rec1 Rdc8 27.
Bf1 a5 28. a3 h6 29. h4 Kf7 30. h5 Be7 31. Ke3 Rab8 32. Rxc8 Rxc8 33. Bd3 Bd6
34. Bc3 Rb8 35. Bxe4 Bc5+ 36. Bd4 Bxd4+ 37. Kxd4 dxe4 38. Rc1 Rxb2 39. Rc7+ Kf6
40. Rc6+ Kf7 41. Rc7+ Kf6 42. Rc6+ Kf7 1/2-1/2

[Event "Club 608-JEEN"]
[Site "Paris"]
[Date "2007.11.25"]
[Round "3.4"]
[White "Mehaibia, Azzedine"]
[Black "Baillon, Olivier"]
[Result "0-1"]
[WhiteElo "2204"]
[BlackElo "2254"]
[PlyCount "113"]
[EventDate "2007.11.25"]
[SourceDate "2007.10.24"]

1. e4 e6 2. d4 d5 3. Nd2 Be7 4. e5 Nh6 5. Bd3 f6 6. Qh5+ Nf7 7. f4 c5 8. c3
cxd4 9. cxd4 Nc6 10. Ne2 Qb6 11. Nf3 g6 12. Qg4 Bb4+ 13. Kf1 fxe5 14. fxe5 Bd7
15. g3 O-O-O 16. Kg2 Be7 17. h4 Rdf8 18. b3 Nb4 19. Ba3 Nh6 20. Qh3 Nf5 21.
Rac1+ Kb8 22. Bxf5 gxf5 23. Nf4 Rhg8 24. Rhd1 Nd3 25. Nxd3 Bxa3 26. Nc5 Bc8 27.
Rc2 Rg7 28. Rd3 Rfg8 29. Ng1 Qb5 30. b4 Bxb4 31. Rb3 Qa5 32. Ne2 b6 33. Nd3 Bd2
34. Qh1 Rg4 35. Qd1 Bh6 36. Nb4 Bd7 37. Nc6+ Bxc6 38. Rxc6 Qxa2 39. Rbc3 Re4
40. Rc2 Qa3 41. R2c3 Qa6 42. Kf2 f4 43. g4 f3 44. Rxf3 Rexg4 45. Ng3 Bf4 46.
Rcc3 Rxh4 47. Nf1 Bh2 48. Nxh2 Rxh2+ 49. Ke3 Qa2 50. Qd3 Qa1 51. Rc2 Qg1+ 52.
Rcf2 Rxf2 53. Rxf2 Rg3+ 54. Ke2 Rxd3 55. Rf8+ Kb7 56. Rb8+ Kxb8 57. Kxd3 0-1

[Event "Club 608-JEEN"]
[Site "Paris"]
[Date "2007.11.25"]
[Round "3.5"]
[White "De Marchi, Olivier"]
[Black "Lafaurie, Pierre"]
[Result "1/2-1/2"]
[WhiteElo "2214"]
[BlackElo "2113"]
[PlyCount "73"]
[EventDate "2007.11.25"]
[SourceDate "2007.10.24"]

1. d4 g6 2. c4 Bg7 3. Nc3 d6 4. e4 e5 5. dxe5 dxe5 6. Qxd8+ Kxd8 7. f4 Be6 8.
Nf3 Nd7 9. Be2 Ne7 10. O-O h6 11. Be3 c6 12. Rad1 Kc7 13. fxe5 g5 14. Nd5+ cxd5
15. exd5 Nf5 16. Bf2 Nxe5 17. dxe6 fxe6 18. Nxe5 Bxe5 19. g4 Ne7 20. Bc5 Rh7
21. Bd3 Rg7 22. Be4 Nc6 23. Bf8 Rd7 24. Rxd7+ Kxd7 25. Rf7+ Ke8 26. Rxb7 Kxf8
27. Bxc6 Rc8 28. Bd7 Rxc4 29. Bxe6 Rc2 30. b4 Bxh2+ 31. Kh1 Rc7 32. Rb8+ Ke7
33. Kxh2 Kxe6 34. Rh8 Ke5 35. Rxh6 Kf4 36. Ra6 Kxg4 37. b5 1/2-1/2

[Event "Club 608-JEEN"]
[Site "Paris"]
[Date "2007.11.25"]
[Round "3.6"]
[White "Maillot, Fabien"]
[Black "Eche, Sylvain"]
[Result "1/2-1/2"]
[WhiteElo "2038"]
[BlackElo "2182"]
[PlyCount "162"]
[EventDate "2007.11.25"]
[SourceDate "2007.10.24"]

1. c4 e5 2. Nc3 Nc6 3. g3 g6 4. Bg2 Bg7 5. Nf3 d6 6. d3 Nge7 7. O-O O-O 8. Rb1
f5 9. Bd2 h6 10. b4 a6 11. Ne1 Qe8 12. Nc2 Nd8 13. a4 Be6 14. b5 axb5 15. axb5
g5 16. Ra1 Rxa1 17. Qxa1 f4 18. Nb4 g4 19. f3 gxf3 20. Rxf3 Bg4 21. Rf1 fxg3
22. h3 Bh5 23. Rxf8+ Qxf8 24. Qe1 Nf5 25. e4 Nd4 26. Qxg3 Kh7 27. Nbd5 N8e6 28.
Kh1 c6 29. bxc6 bxc6 30. Ne3 Nf4 31. Ng4 Bg6 32. Nd1 h5 33. Nh2 Bh6 34. Nf3 Qf6
35. Nxd4 exd4 36. Qf3 Qh4 37. Nf2 Nxd3 38. Nxd3 Bxd2 39. Qf8 Bh6 40. Qxd6 Bxe4
41. Nf2 Bxg2+ 42. Kxg2 Qg5+ 43. Qg3 Qxg3+ 44. Kxg3 Kg6 45. Kf3 Kf5 46. Nd3 Bf8
47. Nf4 h4 48. Nd3 Bd6 49. Ne1 Be7 50. Nd3 Bf6 51. Ne1 Ke5 52. Nd3+ Kd6 53. Ke2
Kc7 54. Kd1 Kb6 55. Kc2 Bg5 56. Ne1 Kc5 57. Kd3 Bf6 58. Nc2 Bg7 59. Ne1 Bf6 60.
Nc2 Be5 61. Ne1 Bg3 62. Nf3 Bf2 63. Ne5 Kd6 64. Ke4 c5 65. Nd3 Bg3 66. Nb2 Ke6
67. Nd3 Bd6 68. Nb2 Be7 69. Nd3 Kd6 70. Nb2 Kc6 71. Kd3 Kb6 72. Kc2 Kc7 73. Nd3
Kd6 74. Kd1 Kc6 75. Kc2 Kb6 76. Nb2 Kc6 77. Nd3 Kd6 78. Kd2 Bg5+ 79. Ke2 Kc6
80. Kd1 Kb6 81. Kc2 Be7 1/2-1/2

[Event "Club 608-JEEN"]
[Site "Paris"]
[Date "2007.11.25"]
[Round "3.7"]
[White "Mendeiros, Jerome"]
[Black "Gillot, Jean Yves"]
[Result "1-0"]
[WhiteElo "2126"]
[BlackElo "1954"]
[PlyCount "89"]
[EventDate "2007.11.25"]
[SourceDate "2007.10.24"]

1. e4 e5 2. Nf3 d6 3. d4 exd4 4. Nxd4 Nf6 5. Nc3 Be7 6. Bc4 O-O 7. Bb3 Na6 8.
O-O Nc5 9. Re1 c6 10. Bf4 Qb6 11. Qd2 Re8 12. Kh1 Ng4 13. f3 Ne5 14. Nf5 Bxf5
15. exf5 Nxb3 16. axb3 f6 17. Be3 Qc7 18. f4 Ng4 19. Bg1 d5 20. Ne2 Bd6 21. g3
Nh6 22. Nd4 c5 23. Nb5 Qc6 24. Rxe8+ Rxe8 25. Nxa7 Qb6 26. Qxd5+ Nf7 27. Ra4
Rd8 28. b4 Bf8 29. Qe6 Qc7 30. Nb5 Qb8 31. bxc5 Rd1 32. Rd4 Rxg1+ 33. Kxg1 Bxc5
34. c3 Qd8 35. Kg2 Bxd4 36. cxd4 h6 37. d5 Kf8 38. d6 Qb6 39. Qe7+ Kg8 40. Qe8+
Kh7 41. Qxf7 Qxb5 42. d7 Qe2+ 43. Kh3 Qf1+ 44. Kh4 Qf2 45. Qg6+ 1-0

[Event "Club 608-JEEN"]
[Site "Paris"]
[Date "2007.11.25"]
[Round "3.8"]
[White "Gatine, Aurelia"]
[Black "Mousset Evtouchenko, Nina"]
[Result "1-0"]
[WhiteElo "2028"]
[BlackElo "1843"]
[PlyCount "49"]
[EventDate "2007.11.25"]
[SourceDate "2007.10.24"]

1. e4 c5 2. Nf3 d6 3. d4 cxd4 4. Nxd4 Nf6 5. Nc3 a6 6. Bg5 e6 7. Qd2 b5 8. a3
Nbd7 9. f4 Bb7 10. O-O-O Be7 11. Bd3 O-O 12. h4 h6 13. Qe2 Qb6 14. e5 dxe5 15.
fxe5 Nxe5 16. Qxe5 Bd6 17. Qe3 hxg5 18. hxg5 Qc7 19. Qh3 Nh5 20. Bh7+ Kh8 21.
Qxh5 Bf4+ 22. Kb1 Bxg5 23. Qxg5 Rfe8 24. Qh4 Qe7 25. Be4+ 1-0

[Event "Rueil Malmaison-Issy les Moulineaux"]
[Site "Issy les Moulineaux"]
[Date "2007.11.25"]
[Round "3.1"]
[White "Williams, Simon"]
[Black "Roser, Kevin"]
[Result "0-1"]
[WhiteElo "2475"]
[BlackElo "2400"]
[PlyCount "138"]
[EventDate "2007.11.25"]
[SourceDate "2007.10.24"]

1. d4 Nf6 2. c4 e6 3. Nf3 b6 4. g3 Ba6 5. Qc2 Bb7 6. Bg2 c5 7. d5 exd5 8. cxd5
Nxd5 9. O-O Be7 10. Rd1 Qc8 11. Nh4 Bxh4 12. Rxd5 Be7 13. Nc3 Nc6 14. Qe4 O-O
15. Rh5 g6 16. Rh3 Bf6 17. Qf4 Bg7 18. Qh4 h5 19. g4 Nd4 20. gxh5 Bxg2 21. Kxg2
Qc6+ 22. e4 Rae8 23. Nd5 Nf5 24. Qf4 Ne7 25. Qf3 f5 26. hxg6 fxe4 27. Qh5 Qxg6+
28. Qxg6 Nxg6 29. Rg3 Kf7 30. Bg5 Bxb2 31. Rd1 Bd4 32. h4 Rh8 33. Rg4 Re5 34.
Ne3 d5 35. Nc2 Bc3 36. Ne3 Bd4 37. Nc2 Bc3 38. Ne3 d4 39. Nc4 Re6 40. a4 a6 41.
Rb1 Bb4 42. Ra1 Rhe8 43. Kh3 b5 44. axb5 axb5 45. Ra7+ Ne7 46. Rf4+ Kg6 47. Nd6
Rxd6 48. Bxe7 Rxe7 49. Rxe7 d3 50. h5+ Kxh5 51. Rg7 Kh6 52. Rg1 Rg6 53. Rd1 d2
54. Rxe4 c4 55. Ra1 Rd6 56. Rh4+ Kg5 57. Rg1+ Kf6 58. Rh6+ Ke5 59. Rh5+ Ke6 60.
Rxb5 c3 61. Rxb4 Rd3+ 62. Kh4 c2 63. Rg6+ Kf7 64. Kg5 Rd5+ 65. Kh6 d1=Q 66.
Rb7+ Rd7 67. Rg7+ Ke6 68. Rg6+ Kf5 69. Rb5+ Ke4 0-1

[Event "Rueil Malmaison-Issy les Moulineaux"]
[Site "Issy les Moulineaux"]
[Date "2007.11.25"]
[Round "3.2"]
[White "Piankov, Evgieny"]
[Black "Bratanov, Jivko"]
[Result "1/2-1/2"]
[WhiteElo "2346"]
[BlackElo "2459"]
[PlyCount "142"]
[EventDate "2007.11.25"]
[SourceDate "2007.10.24"]

1. d4 g6 2. c3 Bg7 3. Nf3 Nf6 4. Bg5 b6 5. Nbd2 Bb7 6. e3 d6 7. Bb5+ Nbd7 8.
O-O a6 9. Bd3 h6 10. Bxf6 Nxf6 11. e4 O-O 12. Qc2 e6 13. Rad1 c5 14. Rfe1 Qc7
15. e5 dxe5 16. dxc5 Qxc5 17. Rxe5 Qc7 18. Ree1 b5 19. a4 b4 20. c4 b3 21. Qxb3
Rab8 22. Qc2 Nd7 23. b3 Bxf3 24. Nxf3 Nc5 25. Rb1 Rb4 26. Bf1 Rfb8 27. Nd2 f5
28. h4 g5 29. hxg5 hxg5 30. g3 Bd4 31. Kg2 g4 32. Be2 Qg7 33. Rh1 Bc3 34. Rh5
Qd4 35. Rd1 Bxd2 36. Rxd2 Qe4+ 37. Qxe4 Nxe4 38. Rd7 R4b7 39. Rxb7 Rxb7 40. c5
Nxc5 41. Bc4 Kg7 42. Rh1 Kf6 43. Rd1 Ke7 44. Kf1 a5 45. Rb1 Rb4 46. Re1 Rb6 47.
Re3 Kf6 48. Ke1 Rb8 49. Bb5 Ne4 50. Ke2 Rc8 51. Bd3 Nd6 52. Kd2 e5 53. Bc2 e4
54. Rc3 Rxc3 55. Kxc3 f4 56. gxf4 Kf5 57. b4 axb4+ 58. Kxb4 Kxf4 59. Bd1 Nb7
60. Kb5 g3 61. fxg3+ Kxg3 62. Kb6 Nd6 63. Be2 Kf2 64. Ba6 e3 65. Kc6 Nf5 66.
Kc5 e2 67. Bxe2 Kxe2 68. a5 Ne7 69. a6 Nc8 70. Kc6 Kd3 71. Kc7 Na7 1/2-1/2

[Event "Rueil Malmaison-Issy les Moulineaux"]
[Site "Issy les Moulineaux"]
[Date "2007.11.25"]
[Round "3.3"]
[White "Pira, Davoud"]
[Black "Wittmann, Marc"]
[Result "1-0"]
[WhiteElo "2405"]
[BlackElo "2255"]
[PlyCount "73"]
[EventDate "2007.11.25"]
[SourceDate "2007.10.24"]

1. d4 Nf6 2. Nf3 d6 3. g3 Nbd7 4. Bg2 e5 5. O-O Be7 6. c4 O-O 7. Nc3 Re8 8. d5
a5 9. e4 Nc5 10. Ne1 Bf8 11. h3 h6 12. Be3 Nh7 13. Kh2 g5 14. Bxc5 dxc5 15. Nc2
f5 16. exf5 Bxf5 17. Ne3 Bg6 18. Be4 Bxe4 19. Nxe4 Nf6 20. Qf3 Nxe4 21. Qxe4
Bg7 22. Rad1 Qf6 23. Nf5 Bf8 24. Rd3 Rad8 25. g4 Rd7 26. Kg2 c6 27. Rfd1 Red8
28. a4 Kh8 29. b3 Kg8 30. dxc6 Rxd3 31. Rxd3 Rxd3 32. Qxd3 bxc6 33. Qc3 Bd6 34.
Qxa5 h5 35. Qd2 Bb8 36. Qd7 hxg4 37. hxg4 1-0

[Event "Rueil Malmaison-Issy les Moulineaux"]
[Site "Issy les Moulineaux"]
[Date "2007.11.25"]
[Round "3.4"]
[White "Geffroy, Laurent"]
[Black "Pein, Malcolm"]
[Result "1/2-1/2"]
[WhiteElo "2241"]
[BlackElo "2395"]
[PlyCount "103"]
[EventDate "2007.11.25"]
[SourceDate "2007.10.24"]

1. d4 Nf6 2. c4 g6 3. Nc3 d5 4. Bf4 Bg7 5. e3 O-O 6. Rc1 c6 7. h3 Be6 8. Qb3
Qb6 9. Na4 Qa5+ 10. Nc3 b6 11. Nf3 Nbd7 12. Ne5 Nxe5 13. Bxe5 Rac8 14. Be2 c5
15. Qb5 dxc4 16. Qxa5 bxa5 17. Nb5 cxd4 18. Bxd4 Nd7 19. Nxa7 Bxd4 20. Nxc8
Bxb2 21. Nxe7+ Kg7 22. Rxc4 Bxc4 23. Bxc4 Ba3 24. Nd5 Rc8 25. Bb3 Rc1+ 26. Bd1
Ra1 27. O-O Rxa2 28. Nc3 Rb2 29. Bg4 Nc5 30. Ra1 Rb3 31. Ne2 Bb4 32. Nd4 Rb2
33. Nc6 Nb3 34. Ra4 Nc5 35. Ra1 Nb3 36. Ra4 Rb1+ 37. Kh2 Nc5 38. Ra2 a4 39. Be2
Be1 40. Bc4 Rc1 41. Bb5 Ne4 42. Rxa4 f5 43. g4 Bxf2 44. gxf5 gxf5 45. Nd4 Kf6
46. Nxf5 Bg1+ 47. Kg2 Nc3 48. Rf4 Nxb5 49. Nd4+ Kg6 50. Rg4+ Kf6 51. Rf4+ Kg6
52. Rg4+ 1/2-1/2

[Event "Rueil Malmaison-Issy les Moulineaux"]
[Site "Issy les Moulineaux"]
[Date "2007.11.25"]
[Round "3.5"]
[White "Bafounta, Denis"]
[Black "Aveline, Philippe"]
[Result "1/2-1/2"]
[WhiteElo "2318"]
[BlackElo "2180"]
[PlyCount "67"]
[EventDate "2007.11.25"]
[SourceDate "2007.10.24"]

1. d4 Nf6 2. c4 g6 3. Nc3 Bg7 4. e4 d6 5. f3 O-O 6. Bg5 c5 7. d5 Na6 8. Qd2 Nc7
9. h4 h5 10. Bh6 a6 11. Bxg7 Kxg7 12. Bd3 b5 13. cxb5 axb5 14. Nxb5 Nxb5 15.
Bxb5 Qb6 16. Bc4 Ba6 17. Bxa6 Rxa6 18. Ne2 Rb8 19. b3 c4 20. bxc4 Qb2 21. Qxb2
Rxb2 22. Nc1 Nd7 23. O-O Rc2 24. Rf2 Rxc4 25. Rb2 Nc5 26. Ne2 Kf6 27. Rd1 Ra3
28. Rdd2 Rca4 29. Nc1 Rc3 30. Rdc2 Rac4 31. Rxc3 Rxc3 32. Ne2 Ra3 33. Rc2 Nd3
34. Rd2 1/2-1/2

[Event "Rueil Malmaison-Issy les Moulineaux"]
[Site "Issy les Moulineaux"]
[Date "2007.11.25"]
[Round "3.6"]
[White "Lavabre, Fabien"]
[Black "Kirszenberg, Marc"]
[Result "1-0"]
[WhiteElo "2192"]
[BlackElo "2210"]
[PlyCount "52"]
[EventDate "2007.11.25"]
[SourceDate "2007.10.24"]

1. e4 d5 2. exd5 Nf6 3. Nf3 Nxd5 4. d4 g6 5. c4 Nb6 6. Nc3 Bg7 7. c5 Nd5 8. Bc4
c6 9. O-O O-O 10. Re1 Nxc3 11. bxc3 b5 12. cxb6 axb6 13. Bg5 Ra7 14. Qe2 b5 15.
Bb3 Bf6 16. Bh6 Re8 17. Ne5 e6 18. Rad1 Bb7 19. Nxf7 Kxf7 20. Bxe6+ Ke7 21. Qg4
Kd6 22. Bf4+ Ke7 23. Bd7+ Kf7 24. Bxe8+ Kg7 25. Qh3 Bc8 26. Qh6+ Kg8 1-0

[Event "Rueil Malmaison-Issy les Moulineaux"]
[Site "Issy les Moulineaux"]
[Date "2007.11.25"]
[Round "3.7"]
[White "Tarchichi, Paul"]
[Black "Ricbour, Jeremy"]
[Result "1/2-1/2"]
[WhiteElo "2058"]
[BlackElo "2161"]
[PlyCount "138"]
[EventDate "2007.11.25"]
[SourceDate "2007.10.24"]

1. e4 c6 2. d4 d5 3. Nc3 dxe4 4. Nxe4 Bf5 5. Ng3 Bg6 6. h4 h6 7. Nf3 Nd7 8. h5
Bh7 9. Bd3 Bxd3 10. Qxd3 Qc7 11. Bd2 Ngf6 12. O-O-O e6 13. Qe2 O-O-O 14. Ne5
Nb6 15. c4 Rxd4 16. Be3 Rxd1+ 17. Rxd1 Bb4 18. Nd3 Qe7 19. a3 Bd6 20. c5 Bxg3
21. cxb6 Bd6 22. bxa7 Kc7 23. Nc5 Ra8 24. Na4 Nd7 25. Qd2 b6 26. Nxb6 Nxb6 27.
Qa5 c5 28. b4 Kc6 29. Rxd6+ Qxd6 30. bxc5 Qd8 31. Qxb6+ Kd5 32. Qb5 e5 33. Qb3+
Kc6 34. Qxf7 Qd3 35. Qe6+ Kb5 36. Qb6+ Kc4 37. Qa6+ Kc3 38. Qa5+ Kc4 39. Qa4+
Kd5 40. Qd7+ Kc4 41. Qxd3+ Kxd3 42. c6 Kc4 43. c7 Kd5 44. Kc2 Kc6 45. Kd3 Kxc7
46. Ke4 Rf8 47. Kxe5 Kb7 48. a4 Rf6 49. a5 Ka8 50. f4 Kb7 51. g4 Ka8 52. f5 Rc6
53. Bd4 Rc4 54. Kd5 Rc7 55. Kd6 Rb7 56. Bb6 Rf7 57. Ke6 Rb7 58. f6 gxf6 59. Be3
Rb4 60. Kf5 Rb5+ 61. Kxf6 Rb4 62. Kf5 Rb5+ 63. Kf4 Rb4+ 64. Kf3 Rb3 65. Ke4
Rb4+ 66. Bd4 Ra4 67. Kd3 Ra3+ 68. Ke4 Ra4 69. Kd3 Ra3+ 1/2-1/2

[Event "Rueil Malmaison-Issy les Moulineaux"]
[Site "Issy les Moulineaux"]
[Date "2007.11.25"]
[Round "3.8"]
[White "Zoeller, Laure"]
[Black "Wilson, Alexandra"]
[Result "0-1"]
[WhiteElo "2010"]
[BlackElo "2061"]
[PlyCount "62"]
[EventDate "2007.11.25"]
[SourceDate "2007.10.24"]

1. e4 e6 2. d4 d5 3. Nc3 Bb4 4. e5 c5 5. Bd2 Nh6 6. Nb5 Bxd2+ 7. Qxd2 O-O 8. f4
Nc6 9. Nf3 f6 10. c3 fxe5 11. fxe5 Nf5 12. Be2 cxd4 13. cxd4 a6 14. g4 Nh4 15.
Nd6 Nxf3+ 16. Bxf3 Rxf3 17. O-O-O Qf8 18. h4 Bd7 19. g5 Qf4 20. h5 Nxd4 21.
Qxf4 Rxf4 22. g6 h6 23. Kb1 Raf8 24. Nxb7 Bb5 25. Nd6 Be2 26. Rc1 Bd3+ 27. Ka1
Rf1 28. Nf7 Rxh1 29. Rxh1 Rc8 30. b3 Ne2 31. Rh3 Bf5 0-1

[Event "Le Vesinet-Rueil Malmaison"]
[Site "Le Vesinet"]
[Date "2007.12.16"]
[Round "4.1"]
[White "Jessel, Stephen"]
[Black "Pira, Davoud"]
[Result "1/2-1/2"]
[WhiteElo "2326"]
[BlackElo "2405"]
[PlyCount "92"]
[EventDate "2007.12.16"]
[SourceDate "2007.10.24"]

1. e4 g6 2. d4 Bg7 3. Nc3 d6 4. Nge2 Nc6 5. Be3 e5 6. Qd2 Nf6 7. f3 O-O 8.
O-O-O exd4 9. Nxd4 Re8 10. g4 Bxg4 11. Nxc6 bxc6 12. fxg4 Nxg4 13. Bf4 Rb8 14.
Re1 Ne5 15. Bxe5 Rxe5 16. Bc4 Qh4 17. Kb1 Rbe8 18. Bb3 R8e7 19. Ref1 Bh6 20.
Qd1 Kg7 21. a4 a5 22. Qf3 f6 23. Rf2 Bg5 24. Rhf1 Rc5 25. Qd3 Qg4 26. Ka2 Re8
27. Kb1 h5 28. Ka2 Qd7 29. Kb1 Qe7 30. Qh3 Re5 31. Ka2 Rf8 32. Kb1 Rb8 33. Ka2
Rd8 34. Kb1 Rf8 35. Ka2 Qe8 36. Kb1 Qc8 37. Qd3 Rc5 38. Ka2 Re8 39. Kb1 Qd7 40.
Ka2 Qe7 41. Kb1 Re5 42. Ka2 Qd7 43. Kb1 Rb8 44. Ka2 Rb4 45. Ka3 Qc8 46. Ka2 Qb7
1/2-1/2

[Event "Le Vesinet-Rueil Malmaison"]
[Site "Le Vesinet"]
[Date "2007.12.16"]
[Round "4.2"]
[White "Williams, Simon"]
[Black "Deslandes, Pascal"]
[Result "1-0"]
[WhiteElo "2475"]
[BlackElo "2316"]
[PlyCount "53"]
[EventDate "2007.12.16"]
[SourceDate "2007.10.24"]

1. d4 Nf6 2. c4 g6 3. Nc3 Bg7 4. Bg5 h6 5. Bh4 d6 6. e4 O-O 7. f4 c6 8. e5 dxe5
9. dxe5 Qxd1+ 10. Rxd1 Nh5 11. Bxe7 Re8 12. Nge2 Nd7 13. Bd6 g5 14. g3 f6 15.
Ne4 gxf4 16. gxf4 fxe5 17. f5 Ndf6 18. Nxf6+ Nxf6 19. Ng3 Bf8 20. c5 Bxd6 21.
Rxd6 Rf8 22. Bc4+ Kh7 23. Rg1 Bd7 24. Ne4 Nxe4 25. Rxd7+ Kh8 26. Rg6 Rf6 27.
Rgg7 1-0

[Event "Le Vesinet-Rueil Malmaison"]
[Site "Le Vesinet"]
[Date "2007.12.16"]
[Round "4.3"]
[White "Bogdanov, Emil"]
[Black "Camus de Solliers, Guillaume"]
[Result "0-1"]
[WhiteElo "2258"]
[BlackElo "2316"]
[PlyCount "46"]
[EventDate "2007.12.16"]
[SourceDate "2007.10.24"]

1. c4 e5 2. g3 Nc6 3. Bg2 g6 4. Nc3 Bg7 5. d3 Nf6 6. e4 d6 7. Nge2 O-O 8. O-O
Nd7 9. f4 f5 10. exf5 gxf5 11. Be3 Nd4 12. Qd2 c6 13. Rae1 Nc5 14. Kh1 Nce6 15.
Bg1 h5 16. Nxd4 exd4 17. Nd1 h4 18. Nf2 hxg3 19. hxg3 Rf6 20. Bf3 Bd7 21. Re2
Rh6+ 22. Kg2 Rg6 23. Nh1 Bh6 0-1

[Event "Le Vesinet-Rueil Malmaison"]
[Site "Le Vesinet"]
[Date "2007.12.16"]
[Round "4.4"]
[White "Sowray, Peter"]
[Black "Glod, Philippe"]
[Result "0-1"]
[WhiteElo "2346"]
[BlackElo "2177"]
[PlyCount "58"]
[EventDate "2007.12.16"]
[SourceDate "2007.10.24"]

1. d4 Nf6 2. Bg5 d5 3. Bxf6 exf6 4. e3 c6 5. c4 dxc4 6. Bxc4 Bd6 7. Nc3 O-O 8.
Nge2 f5 9. Ng3 g6 10. Qf3 Be6 11. Bd3 Nd7 12. Nge2 Nb6 13. Nf4 Bc4 14. Bc2 Bxf4
15. Qxf4 Nd5 16. Nxd5 Qxd5 17. a3 Qa5+ 18. b4 Qd5 19. Qf3 Qb5 20. Kd2 a5 21.
Rab1 axb4 22. Rxb4 Qa5 23. Rhb1 c5 24. dxc5 Qxc5 25. Qxb7 Rfd8+ 26. Kc1 Bd3 27.
R1b2 Qc3 28. Rd4 Qe1+ 29. Bd1 Rac8+ 0-1

[Event "Le Vesinet-Rueil Malmaison"]
[Site "Le Vesinet"]
[Date "2007.12.16"]
[Round "4.5"]
[White "Castaignet, Laurent"]
[Black "Bafounta, Denis"]
[Result "1-0"]
[WhiteElo "2130"]
[BlackElo "2318"]
[PlyCount "73"]
[EventDate "2007.12.16"]
[SourceDate "2007.10.24"]

1. e4 c5 2. Nf3 Nc6 3. Bb5 e6 4. Bxc6 bxc6 5. d3 Ne7 6. Qe2 Qc7 7. e5 Ng6 8.
Nbd2 Be7 9. O-O f6 10. Nc4 Ba6 11. Re1 O-O 12. Rb1 Bxc4 13. dxc4 fxe5 14. Nxe5
Nxe5 15. Qxe5 Bd6 16. Qh5 Rf5 17. Qh4 Qa5 18. Be3 Qxa2 19. Rbd1 Be5 20. Rxd7
Bxb2 21. Qe4 Re5 22. Qxc6 Rf8 23. Qc7 Re4 24. Rd8 Rxd8 25. Qxd8+ Kf7 26. Qd7+
Kf6 27. Qd8+ Kf7 28. Qc7+ Kf6 29. Qxc5 Qxc4 30. Qg5+ Kf7 31. Rd1 Qc7 32. Qb5
Qe5 33. Qd7+ Kg6 34. Qe8+ Kf6 35. Rd7 Qc3 36. Qf7+ Ke5 37. f4+ 1-0